Tilastot visalle Kuwait-visa

Klikkaa tästä pelataksesi tätä visaa!

Yleistilastot

  • Tätä visaa on pelattu 38 kertaa
    (37 viimeisimmän päivityksen jälkeen)
  • Keskiarvotulos 13 / 18

Vastaustilastot

VihjeVastaus% Oikein
NaapurimaatSaudi-Arabia
100%
PääkaupunkiKuwait
96%
Virallinen kieliArabia
96%
Tärkein vientituoteÖljy
96%
NaapurimaatIrak
93%
Merenlahti, jonka rannalla Kuwait sijaitseePersianlahti
89%
Diktaattori, joka vastasi Kuwaitin miehityksestä 1990Saddam Hussein
85%
ValtionuskontoIslam
81%
Lähes miljoona tämän maan kansalaista asuu KuwaitissaIntia
81%
Valtio, josta Kuwait itsenäistyi vuonna 1960Yhdistynyt kuningaskunta
78%
Kuwaitin monarkin arvonimiEmiiri
67%
ValuuttaDinaari
67%
KansallislintuJalohaukka
63%
Kuwait oli ensimmäinen robottiratsuja tässä lajissa
käyttänyt valtio
{Kameli}ajot
59%
Suurin saariBubiyan
37%
Kuivuneeseen joenuomaan viittaava sanaWadi
33%
Kuwaitissa on suurin osuus ______ yli miljoonan asukkaan maista,
noin 38 %
Lihavia
30%
Maailman toiseksi suurin ___kenttä (___ viittaa yllä olevaan)Burgan
22%

Tulosjakauma

Persentiili vastausten määrän mukaan

Jokaisen tuloksen saaneiden osuus

Tuloshistoriasi

Et ole pelannut tätä visaa sen viimeisimmän päivityksen jälkeen